banner-ar

الشخصيات البارزة بالقطر المصرى : دليل الطبقة الراقية / (Record no. 43317)

MARC details
000 -الفاتح
حقل البيانات ثابتة الطول 00452nam a2200157Ia 4500
005 - وقت وتاريخ اخر تعامل مع التسجيلة
رقم الضبط 20240530103910.0
008 - عناصر البيانات ثابتة الطول - معلومات عامة
حقل البيانات ثابتة الطول 140319s9999 xx 000 0 ara d
040 ## - مصدر الفهرسة
وكالة الفهرسة الأصلية GCL /
وكالة النسخ GCL
082 04 - رقم تصنيف ديوى العشرى
رقم التصنيف 920.71
رقم المادة ق/ح ش
100 1# - المدخل الرئيسى - إسم شخصى
الإسم الشخصى حسن خضر
245 10 - بيان العنوان
العنوان الشخصيات البارزة بالقطر المصرى : دليل الطبقة الراقية /
بيان المسئوليه,etc حسن خضر
300 ## - الوصف المادى
التعداد 325 ص
490 ## - بيان السلسلة
عنوان السلسلة 100 قصة
رقم المجلد/ التعيين التسلسلي 0
942 ## - عناصر المدخل الإضافي( كوها)
مصدر التصنيف او مخطط الترفيف Dewey Decimal Classification
Koha [default] item type كتاب
Holdings
حالة التراجع حالة الفقد مصدر التصنيف او خطة الترفيف حالة تلف ليس للاعارة المكان المؤقت الموقع الحالى تاريخ الاكتساب اجمالي اﻻعارات رقم الطلب الباركود تاريخ اخر مشاهدة تاريخ تفعيل السعر نوع وعاء كوها
    ddc     مكتبة القاهرة الكبرى مكتبة القاهرة الكبرى 03/26/2014   920.71 ق/ح ش 104794 03/26/2014 03/26/2014 كتاب

Powered By

EGPV